000 00736nam a22002297a 4500
003 OSt
005 20260413125132.0
008 260413b |||||||| |||| 00| 0 eng d
037 _cThesis
040 _aFEDL
_beng
_cFEDL
041 _aeng
_heng
082 _a306.856 ANE/TH
100 _aAneja, Mansi
_91234746
110 _aUniversity of Delhi. Department of Education
245 _aConstruals of identity and parenting practices in single- parent families/
_cby Mansi Aneja; Vikas Baniwal. Supervisor
260 _aUniversity of Delhi
_c2025
300 _a242p.
650 _a
700 _aBeniwal, Vikas. Supervisor
_91234747
942 _2ddc
_cTH
_h306.856 ANE/TH
_n0
999 _c1848254
_d1848254